000 00355nam a2200121 4500
082 _bREV
245 _aA review of the programme on citizens activism for social and economic justice
260 _aNew Delhi:
_bInstitute of Social Sciences,
_c2001
650 _aEconomic justice
650 _aSocial justice
700 _aGhosh, Buddhadeb
_ecomp.
942 _cRP
999 _c4829
_d4829